<?xml version="1.0" encoding="UTF-8"?>
<record
    xmlns:xsi="http://www.w3.org/2001/XMLSchema-instance"
    xsi:schemaLocation="http://www.loc.gov/MARC21/slim http://www.loc.gov/standards/marcxml/schema/MARC21slim.xsd"
    xmlns="http://www.loc.gov/MARC21/slim">

  <leader>00703nam a22001817a 4500</leader>
  <datafield tag="999" ind1=" " ind2=" ">
    <subfield code="c">56973</subfield>
    <subfield code="d">56973</subfield>
  </datafield>
  <controlfield tag="005">20201224125332.0</controlfield>
  <controlfield tag="008">190916s2019    ru ||||| |||| 00| 0 rur d</controlfield>
  <datafield tag="022" ind1=" " ind2=" ">
    <subfield code="a">00428841</subfield>
  </datafield>
  <datafield tag="041" ind1=" " ind2=" ">
    <subfield code="a">rur</subfield>
  </datafield>
  <datafield tag="245" ind1=" " ind2=" ">
    <subfield code="a">&#x412;&#x43E;&#x43F;&#x440;&#x43E;&#x441;&#x44B; &#x43F;&#x441;&#x438;&#x445;&#x43E;&#x43B;&#x43E;&#x433;&#x438;&#x438; : </subfield>
    <subfield code="b">2019. &#x41D;&#x430;&#x443;&#x447;&#x43D;&#x44B;&#x439; &#x436;&#x443;&#x440;&#x43D;&#x430;&#x43B;  /</subfield>
    <subfield code="c">&#x415;.&#x412;. &#x429;&#x435;&#x434;&#x440;&#x438;&#x43D;&#x430; &#x413;&#x43B;&#x430;&#x432;. &#x440;&#x435;&#x434;&#x430;&#x43A;&#x442;&#x43E;&#x440;.</subfield>
  </datafield>
  <datafield tag="260" ind1=" " ind2=" ">
    <subfield code="a">&#x41C;&#x43E;&#x441;&#x43A;&#x432;&#x430;,</subfield>
    <subfield code="c">1955 -</subfield>
    <subfield code="b">2019.</subfield>
  </datafield>
  <datafield tag="300" ind1=" " ind2=" ">
    <subfield code="a">120 &#x441;&#x442;&#x440;.</subfield>
    <subfield code="b">25 &#x441;&#x43C;.</subfield>
  </datafield>
  <datafield tag="653" ind1=" " ind2=" ">
    <subfield code="a">&#x412;&#x43E;&#x43F;&#x440;&#x43E;&#x441;&#x44B; &#x43F;&#x441;&#x438;&#x445;&#x43E;&#x43B;&#x43E;&#x433;&#x438;&#x438;</subfield>
  </datafield>
  <datafield tag="653" ind1=" " ind2=" ">
    <subfield code="a">&#x10E4;&#x10E1;&#x10D8;&#x10E5;&#x10DD;&#x10DA;&#x10DD;&#x10D2;&#x10D8;&#x10D8;&#x10E1; &#x10E1;&#x10D0;&#x10D9;&#x10D8;&#x10D7;&#x10EE;&#x10D4;&#x10D1;&#x10D8;</subfield>
  </datafield>
  <datafield tag="653" ind1=" " ind2=" ">
    <subfield code="a">&#x10DE;&#x10D4;&#x10E0;&#x10D8;&#x10DD;&#x10D3;&#x10D8;&#x10D9;&#x10D0;</subfield>
  </datafield>
  <datafield tag="700" ind1=" " ind2=" ">
    <subfield code="a">&#x429;&#x435;&#x434;&#x440;&#x438;&#x43D;&#x430;, &#x415;.&#x412;.</subfield>
    <subfield code="c">&#x10DB;&#x10D7;&#x10D0;&#x10D5;&#x10D0;&#x10E0;&#x10D8; &#x10E0;&#x10D4;&#x10D3;&#x10D0;&#x10E5;&#x10E2;&#x10DD;&#x10E0;&#x10D8;</subfield>
    <subfield code="9">4010</subfield>
  </datafield>
  <datafield tag="942" ind1=" " ind2=" ">
    <subfield code="2">udc</subfield>
    <subfield code="c">CR</subfield>
  </datafield>
  <datafield tag="952" ind1=" " ind2=" ">
    <subfield code="0">0</subfield>
    <subfield code="1">0</subfield>
    <subfield code="2">udc</subfield>
    <subfield code="4">0</subfield>
    <subfield code="7">2</subfield>
    <subfield code="9">86878</subfield>
    <subfield code="a">CPL</subfield>
    <subfield code="b">CPL</subfield>
    <subfield code="c">GEN</subfield>
    <subfield code="d">2019-09-16</subfield>
    <subfield code="h">(&#x2116;2), 2019  </subfield>
    <subfield code="p">p80201</subfield>
    <subfield code="r">2019-09-16</subfield>
    <subfield code="t">p80201</subfield>
    <subfield code="w">2019-09-16</subfield>
    <subfield code="y">CR</subfield>
  </datafield>
  <datafield tag="952" ind1=" " ind2=" ">
    <subfield code="0">0</subfield>
    <subfield code="1">0</subfield>
    <subfield code="2">udc</subfield>
    <subfield code="4">0</subfield>
    <subfield code="7">2</subfield>
    <subfield code="9">87275</subfield>
    <subfield code="a">CPL</subfield>
    <subfield code="b">CPL</subfield>
    <subfield code="c">GEN</subfield>
    <subfield code="d">2019-10-21</subfield>
    <subfield code="g">0.00</subfield>
    <subfield code="h">(&#x2116;3), 2019  </subfield>
    <subfield code="p">p80255</subfield>
    <subfield code="r">2019-10-21</subfield>
    <subfield code="t">p80255</subfield>
    <subfield code="w">2019-10-21</subfield>
    <subfield code="y">CR</subfield>
  </datafield>
  <datafield tag="952" ind1=" " ind2=" ">
    <subfield code="0">0</subfield>
    <subfield code="1">0</subfield>
    <subfield code="2">udc</subfield>
    <subfield code="4">0</subfield>
    <subfield code="7">2</subfield>
    <subfield code="9">88869</subfield>
    <subfield code="a">CPL</subfield>
    <subfield code="b">CPL</subfield>
    <subfield code="c">GEN</subfield>
    <subfield code="d">2020-02-18</subfield>
    <subfield code="h">(&#x2116;5), 2019 </subfield>
    <subfield code="p">p80565</subfield>
    <subfield code="r">2020-02-18</subfield>
    <subfield code="t">p80565</subfield>
    <subfield code="w">2020-02-18</subfield>
    <subfield code="y">CR</subfield>
  </datafield>
  <datafield tag="952" ind1=" " ind2=" ">
    <subfield code="0">0</subfield>
    <subfield code="1">0</subfield>
    <subfield code="2">udc</subfield>
    <subfield code="4">0</subfield>
    <subfield code="7">2</subfield>
    <subfield code="9">89783</subfield>
    <subfield code="a">CPL</subfield>
    <subfield code="b">CPL</subfield>
    <subfield code="c">GEN</subfield>
    <subfield code="d">2020-12-24</subfield>
    <subfield code="h">(#6), &#x43D;&#x43E;&#x44F;&#x431;&#x440;&#x44C;-&#x414;&#x435;&#x43A;&#x430;&#x431;&#x440;&#x44C;, 2019</subfield>
    <subfield code="p">p80701</subfield>
    <subfield code="r">2020-12-24</subfield>
    <subfield code="t">p80701</subfield>
    <subfield code="w">2020-12-24</subfield>
    <subfield code="y">CR</subfield>
  </datafield>
</record>
